| 000 | 00690nam a22002177a 4500 | ||
|---|---|---|---|
| 999 |
_c12448 _d12448 |
||
| 003 | AR-CdUCM | ||
| 008 | 190408b ||||| |||| 00| 0 spa d | ||
| 040 |
_aMUNICIPALIDAD PROVINCIAL DEL CUSCO _cBIBLIOTECA MUNICIPAL DEL CUSCO |
||
| 082 |
_aC / 869.58 / _bC35 |
||
| 100 |
_aCastro L., J. Arturo _930297 |
||
| 245 |
_a¡Camarada Vallejo! : _bPoemario / |
||
| 260 |
_aCusco : _bTip. Los Intimos, _c1942. |
||
| 300 |
_bilustraciones, _c17 cm. |
||
| 440 |
_aColección Popular - Alkamari. _n2 _930298 |
||
| 505 | _aContenido: Poemas. | ||
| 650 |
_aPoesías peruanas _91481 |
||
| 650 |
_aSiglo XX _98 |
||
| 650 |
_aLiteratura Peruana _9132 |
||
| 942 |
_2ddc _cLIBROS |
||
| 945 |
_aachl _d2019-04-08 |
||